| 000 | 01025cam a22002657i 4500 | ||
|---|---|---|---|
| 001 | 17731872 | ||
| 005 | 20141210091108.0 | ||
| 008 | 130509s2012 ph 000 0 eng | ||
| 010 | _a 2012325863 | ||
| 020 | _a9789719538400 (pbk.) | ||
| 020 | _a9789719538424 (iPhone etc iBook) | ||
| 020 | _a9789719538417 (Kindle etc ePub) | ||
| 040 |
_aDLC _beng _cDLC _erda |
||
| 041 |
_aeng _atgl _aceb _ahil |
||
| 042 | _alcode | ||
| 050 | 0 | 0 |
_aPS 9993.A29 _b.Ag283 2012 |
| 100 | 1 | _aAguilar, Mila D. | |
| 245 | 1 | 0 |
_aChronicle of a life foretold : _b101 poems, 1995-2003 / _cMila D. Aguilar ; with a foreword by Isagani R. Cruz and comments by Bienvenido Lumbera, Ramon Magsaysay Awardee for Literature & Lilia Quindoza-Santiago. |
| 260 |
_aPhilippines : _bJC-MDA Publications, _cc2012. |
||
| 300 |
_a196 pages : _c23 cm. |
||
| 546 | _aIn English, 12 poems in Tagalog and 3 poems in Cebuano and Hiligaynon. | ||
| 906 |
_a7 _bcbc _corigode _d4 _encip _f20 _gy-gencatlg |
||
| 942 |
_2lcc _cBK _kFIL |
||
| 999 |
_c276901 _d276901 |
||